Länder, die Bahrain am nächsten liegen - Eine Minute Sprint - Statistiken

Allgemein
  • Dieses Quiz wurde 87 mal gespielt
  • Das Durchschnittsergebnis liegt bei 13 aus 20
Antwortstatistiken
km Land % Korrekt
0 Saudi-Arabien
99%
448 Irak
96%
191 Iran
96%
771 Jemen
96%
1 Katar
96%
509 Oman
96%
322 Kuwait
90%
1269 Jordanien
87%
158 Vereinigte Arabische Emirate
84%
1088 Pakistan
75%
1283 Syrien
74%
1077 Afghanistan
65%
1449 Ägypten
57%
1325 Türkei
49%
1447 Armenien
40%
1513 Somalia
32%
1356 Aserbaidschan
31%
1513 Eritrea
29%
1449 Sudan
29%
1264 Turkmenistan
24%
Keine übereinstimmenden Quizze gefunden
Verteilung der Resultate
Anzahl Personen mit jedem Resultat
Perzentil nach korrekt beantworteten Fragen
Ihre Resultats-Entwicklung
Sie haben dieses Quiz noch nicht gespielt